[Event "17. Europa ch Juvenil - Masculino s16"]
[Site "Sibenik CRO"]
[Date "2007.09.19"]
[Round "6.26"]
[White "Varga, David"]
[Black "Getz, Nicolai"]
[Result "1-0"]
[WhiteElo "2257"]
[BlackElo "2060"]
[PlyCount "29"]
[EventDate "2007.09.14"]
[EventType "swiss"]
[EventRounds "9"]
[EventCountry "CRO"]
[Source "lmi"]
[SourceDate "2007.09.14"]

1. e4 c5 2. Nf3 d6 3. d4 cxd4 4. Nxd4 Nf6 5. Nc3 a6 6. Bc4 e6 7. Bb3 Nbd7 8.
Bg5 Be7 9. Bxe6 fxe6 10. Nxe6 Qa5 11. Nxg7+ Kf7 12. Nf5 Nc5 13. Nxe7 Kxe7 14.
Bxf6+ Kxf6 15. Qd4+ 1-0

[Event "17. Europa ch Juvenil - Masculino s16"]
[Site "Sibenik CRO"]
[Date "2007.09.19"]
[Round "6.27"]
[White "Plaskan, Jure"]
[Black "Zivkovic, Dejan"]
[Result "1-0"]
[WhiteElo "2061"]
[BlackElo "2191"]
[PlyCount "83"]
[EventDate "2007.09.14"]
[EventType "swiss"]
[EventRounds "9"]
[EventCountry "CRO"]
[Source "lmi"]
[SourceDate "2007.09.14"]

1. e4 c6 2. d4 d5 3. exd5 cxd5 4. c4 Nf6 5. Nc3 Nc6 6. Bg5 Qa5 7. Bxf6 exf6 8.
cxd5 Bb4 9. Qd2 Bxc3 10. bxc3 Qxd5 11. Nf3 O-O 12. Be2 Na5 13. O-O Be6 14. Rfb1
a6 15. Rb4 Rac8 16. Ne1 Qc6 17. Rc1 b5 18. Nd3 Rfd8 19. Qf4 Bd5 20. Bg4 Rc7 21.
Nc5 Re7 22. Bf3 Rde8 23. h4 Bxf3 24. Qxf3 Qd6 25. g3 Nc4 26. Rd1 Ne3 27. Re1
Nd5 28. Rxe7 Rxe7 29. Rb1 g6 30. a4 Nc7 31. axb5 axb5 32. Ne4 Qe6 33. Nxf6+ Kg7
34. Ng4 h5 35. Ne3 Qa2 36. Rd1 Qa3 37. d5 Rd7 38. g4 b4 39. c4 Qa2 40. g5 Na6
41. Qf6+ Kg8 42. Ra1 1-0

[Event "17. Europa ch Juvenil - Masculino s16"]
[Site "Sibenik CRO"]
[Date "2007.09.19"]
[Round "6.28"]
[White "Hohluks, Aleksandrs"]
[Black "Kuchynka, Lukas"]
[Result "1-0"]
[WhiteElo "2056"]
[BlackElo "2180"]
[PlyCount "71"]
[EventDate "2007.09.14"]
[EventType "swiss"]
[EventRounds "9"]
[EventCountry "CRO"]
[Source "lmi"]
[SourceDate "2007.09.14"]

1. d4 Nf6 2. Nf3 g6 3. c4 Bg7 4. Nc3 O-O 5. e4 d6 6. h3 e5 7. d5 a5 8. g4 Na6
9. Bg5 Qe8 10. Nd2 h6 11. Be3 Bd7 12. Rg1 Nh7 13. h4 Qe7 14. Nf3 Nf6 15. Nh2
Nc5 16. Qc2 Nh7 17. g5 h5 18. Be2 f6 19. Bxh5 fxg5 20. Bxg6 g4 21. O-O-O Qxh4
22. Rh1 Ng5 23. Nf3 Nxf3 24. Rxh4 Nxh4 25. Bh5 Nf3 26. Bxc5 dxc5 27. Ne2 b6 28.
Ng3 Bh6+ 29. Kb1 Nd4 30. Rxd4 cxd4 31. Nf5 Bxf5 32. exf5 Kg7 33. Qa4 Rxf5 34.
Qd7+ Kf6 35. Qf7+ Kg5 36. Qg6+ 1-0

[Event "17. Europa ch Juvenil - Masculino s16"]
[Site "Sibenik CRO"]
[Date "2007.09.19"]
[Round "6.29"]
[White "Baturina, Andrija"]
[Black "Pomaro, Alberto"]
[Result "1-0"]
[WhiteElo "1980"]
[BlackElo "2149"]
[PlyCount "75"]
[EventDate "2007.09.14"]
[EventType "swiss"]
[EventRounds "9"]
[EventCountry "CRO"]
[Source "lmi"]
[SourceDate "2007.09.14"]

1. e4 e6 2. Qe2 c5 3. d3 Nc6 4. c3 d6 5. g3 g6 6. Bg2 Bg7 7. f4 Nge7 8. Nf3 O-O
9. O-O Rb8 10. b3 b5 11. Bb2 c4 12. d4 Qb6 13. Rd1 f5 14. bxc4 bxc4 15. Ba3
fxe4 16. Qxe4 e5 17. Bxd6 Bf5 18. Qe2 Bd3 19. Qf2 exd4 20. Bxb8 Rxb8 21. Rxd3
cxd3 22. c4 Nf5 23. Nbd2 Re8 24. Rb1 Qc5 25. Bf1 Re3 26. Rb3 Nb4 27. a3 Na2 28.
Bxd3 Nc1 29. Rb8+ Kf7 30. Bxf5 gxf5 31. Ng5+ Kg6 32. Rb5 Qxa3 33. g4 Ne2+ 34.
Kh1 fxg4 35. f5+ Kf6 36. Nde4+ Ke7 37. f6+ Kd7 38. Qf5+ 1-0

[Event "17. Europa ch Juvenil - Masculino s16"]
[Site "Sibenik CRO"]
[Date "2007.09.19"]
[Round "6.30"]
[White "Nuri, Kambez"]
[Black "Krivec, Sandi"]
[Result "1/2-1/2"]
[WhiteElo "2142"]
[BlackElo "2003"]
[PlyCount "118"]
[EventDate "2007.09.14"]
[EventType "swiss"]
[EventRounds "9"]
[EventCountry "CRO"]
[Source "lmi"]
[SourceDate "2007.09.14"]

1. e4 c5 2. Nf3 Nc6 3. d4 cxd4 4. Nxd4 g6 5. Nc3 Bg7 6. Be3 Nf6 7. Bc4 Qa5 8.
f3 Qb4 9. Bb3 Nxe4 10. Nxc6 Bxc3+ 11. bxc3 Qxc3+ 12. Ke2 dxc6 13. Bd4 e5 14.
Bxc3 Nxc3+ 15. Kf2 Nxd1+ 16. Raxd1 O-O 17. Rhe1 Re8 18. g4 Kf8 19. Rd6 Be6 20.
Bxe6 Rxe6 21. Rxe6 fxe6 22. Rxe5 Kf7 23. Re3 Rd8 24. Rb3 b6 25. Rc3 Rd6 26. Ke3
e5 27. Ke4 Ke6 28. Ke3 Kd7 29. Ke4 Rd5 30. Ra3 a5 31. Re3 Kd6 32. Re2 b5 33. h4
b4 34. Rh2 h6 35. Ke3 Rd4 36. h5 g5 37. Rh1 c5 38. c3 bxc3 39. Rc1 Rc4 40. Kd3
Kd5 41. Rc2 e4+ 42. fxe4+ Rxe4 43. Rf2 Rxg4 44. Rf5+ Ke6 45. Rxc5 Ra4 46. Rc6+
Kf5 47. Rxh6 Rxa2 48. Kxc3 Rh2 49. Ra6 Rxh5 50. Rxa5+ Kf4 51. Kd2 Rh2+ 52. Ke1
Rb2 53. Kf1 g4 54. Ra3 Kg5 55. Kg1 Kh4 56. Rc3 Rb4 57. Kg2 Rb1 58. Ra3 Rb4 59.
Rc3 g3 1/2-1/2

[Event "17. Europa ch Juvenil - Masculino s16"]
[Site "Sibenik CRO"]
[Date "2007.09.19"]
[Round "6.31"]
[White "Nitelea, Barbu Alexandru"]
[Black "Weber, Christoph"]
[Result "0-1"]
[WhiteElo "2012"]
[BlackElo "2131"]
[PlyCount "72"]
[EventDate "2007.09.14"]
[EventType "swiss"]
[EventRounds "9"]
[EventCountry "CRO"]
[Source "lmi"]
[SourceDate "2007.09.14"]

1. e4 c5 2. Nf3 d6 3. c3 Nf6 4. h3 Nc6 5. Bd3 g6 6. Bc2 Bg7 7. O-O O-O 8. d4
cxd4 9. cxd4 Nb4 10. Bb3 d5 11. e5 Ne4 12. Bf4 b6 13. a3 Nc6 14. Nbd2 Na5 15.
Ba2 Bb7 16. Re1 Rc8 17. Nxe4 dxe4 18. Ng5 Nc4 19. Qe2 h6 20. Nxf7 Qd5 21. Nxh6+
Kh7 22. Rac1 b5 23. Qg4 Bxh6 24. Bxh6 Kxh6 25. b3 Nb6 26. Qh4+ Kg7 27. Qxe7+
Rf7 28. Qb4 a5 29. Qxa5 e3 30. f3 Rxf3 31. Qxb5 Qxb5 32. Rxc8 Rf2 33. Rc7+ Nd7
34. d5 Rxg2+ 35. Kxg2 Qxd5+ 36. Kg3 Qf3+ 0-1

[Event "17. Europa ch Juvenil - Masculino s16"]
[Site "Sibenik CRO"]
[Date "2007.09.19"]
[Round "6.35"]
[White "Gevorkian, David"]
[Black "Tausanov, Mihail"]
[Result "1-0"]
[WhiteElo "2096"]
[BlackElo "1771"]
[PlyCount "65"]
[EventDate "2007.09.14"]
[EventType "swiss"]
[EventRounds "9"]
[EventCountry "CRO"]
[Source "lmi"]
[SourceDate "2007.09.14"]

1. g3 g6 2. Bg2 Bg7 3. Nf3 Nf6 4. O-O O-O 5. d4 d6 6. c4 c5 7. d5 Nbd7 8. Nc3
a6 9. a4 Rb8 10. e4 Ne8 11. Qe2 Nc7 12. Bf4 Ne5 13. Nxe5 Bxe5 14. Bxe5 dxe5 15.
a5 Ne8 16. f4 Qc7 17. Qe3 Bd7 18. b3 exf4 19. gxf4 Nd6 20. f5 f6 21. fxg6 hxg6
22. Qg3 Rf7 23. e5 Nf5 24. Rxf5 Bxf5 25. e6 Qd8 26. exf7+ Kxf7 27. Na4 Rc8 28.
Nb6 Rc6 29. Re1 Rd6 30. Bh3 Bxh3 31. Qxh3 Kg7 32. Nc8 Qxa5 33. Rxe7+ 1-0

[Event "17. Europa ch Juvenil - Masculino s16"]
[Site "Sibenik CRO"]
[Date "2007.09.19"]
[Round "6.36"]
[White "Sucic, Mihael"]
[Black "Poleshchuk, Dmitriy"]
[Result "0-1"]
[WhiteElo "1967"]
[BlackElo "2073"]
[PlyCount "96"]
[EventDate "2007.09.14"]
[EventType "swiss"]
[EventRounds "9"]
[EventCountry "CRO"]
[Source "lmi"]
[SourceDate "2007.09.14"]

1. d4 Nf6 2. c4 e5 3. dxe5 Ng4 4. Nf3 Nc6 5. Bg5 Be7 6. Bxe7 Qxe7 7. Nc3 Ngxe5
8. Nxe5 Qxe5 9. e3 O-O 10. Be2 d6 11. O-O Be6 12. Qd2 f5 13. Nd5 Bxd5 14. Qxd5+
Kh8 15. Qxe5 Nxe5 16. f3 Rae8 17. Rac1 b6 18. Rfd1 a5 19. a4 Nd7 20. Rc3 Nc5
21. b3 g6 22. Rd2 Re7 23. Kf2 Kg7 24. Rd1 Rfe8 25. Rd2 Kf6 26. Bd1 g5 27. Bc2
Re5 28. Rd4 h6 29. Bb1 Ne6 30. Rd2 Nc5 31. Rd4 Rd8 32. Rd2 c6 33. Bc2 d5 34.
cxd5 Rexd5 35. Rxd5 cxd5 36. g3 Rd6 37. Bb1 f4 38. gxf4 gxf4 39. exf4 d4 40.
Rxc5 bxc5 41. Ke2 Rb6 42. Bc2 Rb4 43. Kd2 c4 44. bxc4 Rxc4 45. Bb3 Rc3 46. Bd5
Ra3 47. Bc6 Kf5 48. Kc2 Rc3+ 0-1

[Event "17. Europa ch Juvenil - Masculino s16"]
[Site "Sibenik CRO"]
[Date "2007.09.19"]
[Round "6.38"]
[White "Veszpremi, Andras"]
[Black "Kurkijarvi, Mikko"]
[Result "1-0"]
[WhiteElo "2150"]
[BlackElo "1970"]
[PlyCount "119"]
[EventDate "2007.09.14"]
[EventType "swiss"]
[EventRounds "9"]
[EventCountry "CRO"]
[Source "lmi"]
[SourceDate "2007.09.14"]

1. e4 e5 2. Nf3 Nc6 3. Bb5 a6 4. Ba4 Nf6 5. O-O Be7 6. Bxc6 dxc6 7. d3 Bd6 8.
Nbd2 Bg4 9. Nc4 Nd7 10. Ne3 Bh5 11. Nf5 Qf6 12. Ng3 Bxf3 13. Qxf3 Qxf3 14. gxf3
Nc5 15. Kh1 Ne6 16. Nf5 g6 17. Ne3 O-O-O 18. Bd2 Nd4 19. Kg2 f5 20. Bc3 fxe4
21. fxe4 Ne2 22. Nc4 Rhe8 23. Bd2 Nd4 24. c3 Ne6 25. Rad1 Rd7 26. Be3 c5 27. f3
Red8 28. b3 b6 29. Rd2 Kb7 30. Rfd1 c6 31. b4 b5 32. Nxd6+ Rxd6 33. bxc5 R6d7
34. d4 b4 35. Rb2 a5 36. a3 exd4 37. cxd4 Nxc5 38. axb4 Na4 39. Rb3 Ka6 40.
bxa5 Rb7 41. Rxb7 Kxb7 42. Ra1 Nc3 43. a6+ Kc7 44. a7 Kb7 45. Kg3 Ka8 46. Kg4
Rf8 47. Bd2 Nb5 48. Bb4 h5+ 49. Kg3 Rd8 50. Bc5 Nxd4 51. Bxd4 Rxd4 52. Kf4 Rd2
53. Kg5 Rxh2 54. Re1 Kxa7 55. e5 Rg2+ 56. Kf6 Rf2 57. e6 Rxf3+ 58. Kxg6 Rf8 59.
e7 Re8 60. Kf7 1-0

[Event "17. Europa ch Juvenil - Masculino s16"]
[Site "Sibenik CRO"]
[Date "2007.09.19"]
[Round "6.39"]
[White "Ben, Tomer"]
[Black "Muheim, Sebastian"]
[Result "1/2-1/2"]
[WhiteElo "1966"]
[BlackElo "2005"]
[PlyCount "92"]
[EventDate "2007.09.14"]
[EventType "swiss"]
[EventRounds "9"]
[EventCountry "CRO"]
[Source "lmi"]
[SourceDate "2007.09.14"]

1. e4 e5 2. Nf3 Nf6 3. Nxe5 d6 4. Nf3 Nxe4 5. d4 d5 6. Bd3 Be7 7. O-O Nc6 8. c4
Nb4 9. Be2 O-O 10. Re1 Bf5 11. a3 Nc6 12. Nc3 Nxc3 13. bxc3 Bf6 14. Bf4 Rc8 15.
Bd3 Bxd3 16. Qxd3 Na5 17. cxd5 Qxd5 18. Be5 Bxe5 19. Nxe5 c5 20. Qb5 b6 21.
Rad1 Qb3 22. Qd7 Rcd8 23. Qxa7 Qxc3 24. Qxb6 Rxd4 25. Rc1 Re4 26. Red1 Qxe5 27.
Qxa5 Re8 28. h3 h6 29. Rxc5 Re1+ 30. Rxe1 Qxe1+ 31. Qxe1 Rxe1+ 32. Kh2 Ra1 33.
Rc8+ Kh7 34. Ra8 g6 35. a4 Ra3 36. a5 Kg7 37. a6 Kh7 38. g3 Kg7 39. Kg2 Kh7 40.
Kf1 Ra2 41. Kg2 Ra3 42. g4 Kg7 43. f3 Kh7 44. Kg3 Ra4 45. f4 Ra3+ 46. Kh4 Kg7
1/2-1/2

[Event "17. Europa ch Juvenil - Masculino s16"]
[Site "Sibenik CRO"]
[Date "2007.09.19"]
[Round "6.40"]
[White "Rubil, Marko"]
[Black "Bekarovski, Filip"]
[Result "0-1"]
[WhiteElo "2005"]
[BlackElo "1950"]
[PlyCount "100"]
[EventDate "2007.09.14"]
[EventType "swiss"]
[EventRounds "9"]
[EventCountry "CRO"]
[Source "lmi"]
[SourceDate "2007.09.14"]

1. e4 b6 2. d4 Bb7 3. Bd3 Nf6 4. Nd2 e6 5. Ngf3 d5 6. e5 Nfd7 7. O-O c5 8. c3
Nc6 9. a3 a5 10. Re1 Be7 11. Nf1 Nf8 12. Ng3 Ng6 13. Nh5 O-O 14. Qd2 Qe8 15.
dxc5 bxc5 16. h4 f5 17. exf6 Bxf6 18. Bxg6 Qxg6 19. Nf4 Qg4 20. Nxe6 d4 21.
cxd4 Nxd4 22. Nexd4 Bxd4 23. Qg5 Bxf3 24. Qxg4 Bxg4 25. Be3 Rfe8 26. Bxd4 Rxe1+
27. Rxe1 cxd4 28. f3 Bf5 29. Kf2 Bc2 30. Re5 Rd8 31. Ke2 d3+ 32. Kd2 a4 33. f4
Rb8 34. Kc1 g6 35. Rd5 Re8 36. g3 Re1+ 37. Kd2 Re2+ 38. Kc3 Rg2 39. Rg5 Bb1 40.
b4 Ra2 41. h5 Rxa3+ 42. Kd2 Ra2+ 43. Ke3 Re2+ 44. Kf3 a3 45. hxg6 hxg6 46.
Rxg6+ Kf7 47. Ra6 a2 48. g4 Re6 49. Ra7+ Re7 50. Ra5 d2 0-1

[Event "17. Europa ch Juvenil - Masculino s16"]
[Site "Sibenik CRO"]
[Date "2007.09.19"]
[Round "6.41"]
[White "Moltsanov, Ivan"]
[Black "Boje, Tobias"]
[Result "1-0"]
[WhiteElo "2003"]
[BlackElo "1931"]
[PlyCount "107"]
[EventDate "2007.09.14"]
[EventType "swiss"]
[EventRounds "9"]
[EventCountry "CRO"]
[Source "lmi"]
[SourceDate "2007.09.14"]

1. e4 e5 2. Nf3 Nc6 3. d4 exd4 4. c3 d5 5. exd5 Qxd5 6. cxd4 Bg4 7. Be2 Bb4+ 8.
Nc3 Bxf3 9. Bxf3 Qc4 10. Bxc6+ bxc6 11. Qe2+ Qxe2+ 12. Kxe2 O-O-O 13. a3 Ba5
14. Be3 Ne7 15. Rhd1 Nf5 16. g4 Nxe3 17. fxe3 Rhe8 18. b4 Bb6 19. Kf3 Rd6 20.
Rd3 Rh6 21. Kg3 Rhe6 22. e4 Rd6 23. Rad1 Red8 24. Ne2 f6 25. Kf3 c5 26. d5 cxb4
27. axb4 Re8 28. Nf4 Re7 29. Rc3 Red7 30. Rc4 g6 31. Rdc1 Rf7 32. Rd1 Re7 33.
Re1 Re5 34. Nd3 Re7 35. Nc5 Bxc5 36. Rxc5 Rb6 37. Rb1 Kd7 38. Kf4 g5+ 39. Ke3
Ra6 40. Rbc1 Ra3+ 41. Kd4 Kd8 42. Rf1 Ra2 43. Rxf6 Rd2+ 44. Ke3 Rxh2 45. Rf5
Rb2 46. Rb5 Kd7 47. e5 Rb1 48. e6+ Kd6 49. Rc5 Rb3+ 50. Kd2 Re8 51. Rc6+ Ke7
52. Rxc7+ Kd8 53. Rff7 Rb2+ 54. Kc3 1-0

[Event "17. Europa ch Juvenil - Masculino s16"]
[Site "Sibenik CRO"]
[Date "2007.09.20"]
[Round "7.1"]
[White "Rasulov, Vugar"]
[Black "Goganov, Aleksey"]
[Result "1-0"]
[WhiteElo "2297"]
[BlackElo "2309"]
[PlyCount "75"]
[EventDate "2007.09.14"]
[EventType "swiss"]
[EventRounds "9"]
[EventCountry "CRO"]
[Source "lmi"]
[SourceDate "2007.09.14"]

1. e4 e5 2. Nf3 Nc6 3. Bb5 a6 4. Ba4 Nf6 5. O-O Be7 6. Re1 b5 7. Bb3 O-O 8. c3
d5 9. exd5 Nxd5 10. Nxe5 Nxe5 11. Rxe5 c6 12. d3 Bd6 13. Re1 Qh4 14. g3 Qh3 15.
Re4 Qf5 16. Nd2 Qg6 17. Re1 f5 18. f4 Bxf4 19. Qf3 Bb8 20. Bxd5+ cxd5 21. Nb3
Bb7 22. Bf4 Ba7+ 23. d4 Rae8 24. Qf2 h6 25. Nd2 Qh5 26. Qf3 Qg6 27. h4 Re4 28.
Qg2 Qh5 29. Nxe4 fxe4 30. Qe2 Qg6 31. h5 Qe8 32. Rf1 Bc8 33. Bd6 Rxf1+ 34. Rxf1
Qe6 35. Rf8+ Kh7 36. Qf2 Qg4 37. Rf7 e3 38. Qc2+ 1-0

[Event "17. Europa ch Juvenil - Masculino s16"]
[Site "Sibenik CRO"]
[Date "2007.09.20"]
[Round "7.2"]
[White "Bregadze, Levan"]
[Black "Feller, Sebastien"]
[Result "1/2-1/2"]
[WhiteElo "2324"]
[BlackElo "2476"]
[PlyCount "88"]
[EventDate "2007.09.14"]
[EventType "swiss"]
[EventRounds "9"]
[EventCountry "CRO"]
[Source "lmi"]
[SourceDate "2007.09.14"]

1. d4 Nf6 2. c4 e6 3. Nf3 d5 4. cxd5 exd5 5. Nc3 c6 6. Bg5 Bf5 7. e3 Nbd7 8.
Bd3 Bxd3 9. Qxd3 Bd6 10. O-O O-O 11. e4 dxe4 12. Nxe4 Be7 13. Rfe1 Nxe4 14.
Bxe7 Qxe7 15. Rxe4 Qd6 16. Qb3 Nf6 17. Re5 Rab8 18. Rae1 Nd5 19. h3 h6 20. Nh4
g6 21. Qg3 Kh7 22. Nf3 Rbd8 23. Qg4 Rd7 24. a3 Rfd8 25. Qe4 Qf6 26. Re8 Kg7 27.
Qe5 Rxe8 28. Qxe8 Rd8 29. Qe4 Nf4 30. Qe7 Rd5 31. Re3 Rb5 32. b4 Qxe7 33. Rxe7
Kf6 34. Re3 Nd5 35. Rd3 a5 36. bxa5 Rxa5 37. Ne5 Ke6 38. Rf3 Nf6 39. Re3 Kd5
40. Nxf7 Kxd4 41. Nd8 c5 42. Nxb7 Ra6 43. Re1 c4 44. Rd1+ Ke5 1/2-1/2

[Event "17. Europa ch Juvenil - Masculino s16"]
[Site "Sibenik CRO"]
[Date "2007.09.20"]
[Round "7.3"]
[White "Salgado Lopez, Ivan"]
[Black "Pavlidis, Anastasios"]
[Result "0-1"]
[WhiteElo "2456"]
[BlackElo "2182"]
[PlyCount "116"]
[EventDate "2007.09.14"]
[EventType "swiss"]
[EventRounds "9"]
[EventCountry "CRO"]
[Source "lmi"]
[SourceDate "2007.09.14"]

1. c4 Nf6 2. g3 g6 3. Bg2 Bg7 4. Nc3 O-O 5. Nf3 d6 6. O-O e5 7. d3 Nc6 8. Rb1
a5 9. a3 Bd7 10. Bg5 h6 11. Bxf6 Qxf6 12. b4 axb4 13. axb4 Qd8 14. b5 Ne7 15.
Qb3 Be6 16. Nd2 c6 17. Qb4 f5 18. Ra1 Qd7 19. Ra4 Rxa4 20. Nxa4 Qc7 21. b6 Qd7
22. Qa5 h5 23. c5 d5 24. e4 f4 25. exd5 cxd5 26. Nc3 Nc6 27. Qa3 Nd4 28. Nf3
Bh3 29. Qa2 Bxg2 30. Kxg2 Nxf3 31. Nxd5 Kh8 32. Kxf3 Qh3 33. Ke2 f3+ 34. Ke1 e4
35. dxe4 Re8 36. Qa4 Rd8 37. Qc4 Ra8 38. Kd2 Ra4 39. Qxa4 Qxf1 40. Ke3 Qe2+ 41.
Kf4 Qxf2 42. Kg5 Qxc5 43. Kxg6 f2 44. Qd1 Qc6+ 45. Kxh5 Qe8+ 46. Kg4 Qxe4+ 47.
Nf4 Qc4 48. Qd8+ Kh7 49. Qh4+ Kg8 50. Qd8+ Bf8 51. Qg5+ Kf7 52. Qf5+ Ke8 53.
Qe5+ Be7 54. Qb8+ Kf7 55. Qh8 f1=Q 56. Qh5+ Kg7 57. Qg6+ Kf8 58. Kh5 Qf7 0-1

[Event "17. Europa ch Juvenil - Masculino s16"]
[Site "Sibenik CRO"]
[Date "2007.09.20"]
[Round "7.5"]
[White "Saatdjian, Thomas"]
[Black "Roganovic, Milos"]
[Result "1-0"]
[WhiteElo "2284"]
[BlackElo "2329"]
[PlyCount "83"]
[EventDate "2007.09.14"]
[EventType "swiss"]
[EventRounds "9"]
[EventCountry "CRO"]
[Source "lmi"]
[SourceDate "2007.09.14"]

1. Nf3 Nf6 2. c4 e6 3. g3 d5 4. Bg2 dxc4 5. Qa4+ Nbd7 6. Qxc4 a6 7. Qc2 Rb8 8.
d3 b5 9. Bf4 Nd5 10. Bg5 f6 11. Bd2 c5 12. O-O Be7 13. a4 b4 14. Bc1 O-O 15. b3
f5 16. Bb2 Bb7 17. e4 Nc7 18. Nbd2 Bf6 19. Rac1 Bxb2 20. Qxb2 Ne8 21. Rfe1 Nd6
22. Rc2 Rc8 23. e5 Nf7 24. Nc4 Nb6 25. Ne3 a5 26. Rec1 Qe7 27. d4 cxd4 28. Qxd4
Rxc2 29. Rxc2 Nd5 30. Nc4 Nc3 31. Qb6 Bd5 32. Nd4 Bxc4 33. bxc4 Nxe5 34. c5 Nd7
35. Qa7 Rf7 36. c6 Nc5 37. Qxa5 N5xa4 38. Qe5 Qc5 39. Qxe6 Qxd4 40. c7 Nb6 41.
Bf1 g6 42. Bc4 1-0

[Event "17. Europa ch Juvenil - Masculino s16"]
[Site "Sibenik CRO"]
[Date "2007.09.20"]
[Round "7.6"]
[White "Narmontas, Matas"]
[Black "Lomsadze, Davit"]
[Result "1/2-1/2"]
[WhiteElo "2327"]
[BlackElo "2305"]
[PlyCount "178"]
[EventDate "2007.09.14"]
[EventType "swiss"]
[EventRounds "9"]
[EventCountry "CRO"]
[Source "lmi"]
[SourceDate "2007.09.14"]

1. d4 Nf6 2. c4 c5 3. d5 e5 4. Nc3 d6 5. e4 Nbd7 6. Bd3 Be7 7. h3 h5 8. Nge2
Nf8 9. Be3 h4 10. Bc2 Ng6 11. Qd2 Nh5 12. g3 Bd7 13. O-O-O a6 14. Rdg1 b5 15.
f4 hxg3 16. f5 Ngf4 17. Nxg3 Bf6 18. Nxh5 Rxh5 19. Ne2 Nxe2+ 20. Qxe2 Rh7 21.
h4 Qa5 22. Kb1 bxc4 23. Bd2 Qb5 24. a4 Qb6 25. Qxc4 Ke7 26. h5 Rb8 27. Bc3 Rhh8
28. Rg3 Rb7 29. Bd1 Rbb8 30. Rh2 a5 31. Qf1 c4 32. Qg1 Qa6 33. Rxg7 Bxg7 34.
Qxg7 Rbg8 35. f6+ Kd8 36. h6 Qb6 37. h7 Rf8 38. Qg3 Qc5 39. Qe1 Kc7 40. Bxa5+
Kb7 41. Bb4 Qb6 42. a5 Qa6 43. Qe3 Rd8 44. Qg1 c3 45. Bxc3 Bb5 46. Bc2 Bd3 47.
Qe3 Bxc2+ 48. Kxc2 Rc8 49. Kd2 Qb5 50. Qd3 Rc4 51. b4 Ka6 52. Rh1 Rc7 53. Qxb5+
Kxb5 54. Kc2 Kc4 55. Rh3 Kb5 56. Kd3 Rc4 57. Rh1 Rcc8 58. Rh2 Rc7 59. Bd2 Rc4
60. Rh1 Rd4+ 61. Ke3 Rc4 62. Kf3 Rc2 63. Rh2 Kc4 64. Ke3 Ra2 65. Rh1 Ra3+ 66.
Ke2 Kb5 67. Rh4 Rg3 68. Rh6 Rg2+ 69. Kd3 Rg1 70. Be3 Ra1 71. Bd2 Ra3+ 72. Ke2
Kc4 73. Rh1 Kb5 74. Rh6 Rb3 75. Rh1 Rg3 76. Rh6 Rb3 77. Rh1 Kc4 78. Rh4 Rb2 79.
Rh3 Kd4 80. Rh4 Rb3 81. a6 Ra3 82. a7 Kc4 83. Be3 Kxb4 84. Rh1 Ra2+ 85. Kf3 Kc4
86. Rc1+ Kd3 87. Rd1+ Kc4 88. Rh1 Ra3 89. Rc1+ Kd3 1/2-1/2

[Event "17. Europa ch Juvenil - Masculino s16"]
[Site "Sibenik CRO"]
[Date "2007.09.20"]
[Round "7.7"]
[White "Onischuk, Vladimir"]
[Black "Hamitevici, Vladimir"]
[Result "1-0"]
[WhiteElo "2506"]
[BlackElo "2333"]
[PlyCount "75"]
[EventDate "2007.09.14"]
[EventType "swiss"]
[EventRounds "9"]
[EventCountry "CRO"]
[Source "lmi"]
[SourceDate "2007.09.14"]

1. e4 c6 2. d4 d5 3. e5 Bf5 4. Nf3 e6 5. Be2 Ne7 6. O-O Bg6 7. Re1 Nf5 8. Nbd2
Nd7 9. c3 h5 10. a4 a5 11. g3 Be7 12. h3 Nh6 13. Nf1 Bf5 14. Kg2 g5 15. Ne3 Bg6
16. Nd2 h4 17. gxh4 gxh4 18. f4 c5 19. Kh2 Qb6 20. Nf3 Bh5 21. Rg1 O-O-O 22. b4
c4 23. b5 Rdg8 24. Ba3 Bxa3 25. Rxa3 f6 26. Rxg8+ Rxg8 27. Nxh4 Bxe2 28. Qxe2
fxe5 29. fxe5 Qd8 30. Nhg2 Qg5 31. Qf3 Rf8 32. Qg3 Qh5 33. Qh4 Qxh4 34. Nxh4
Rf4 35. Kg3 Re4 36. Nhg2 Nb6 37. Kf3 Nf7 38. Ra1 1-0

[Event "17. Europa ch Juvenil - Masculino s16"]
[Site "Sibenik CRO"]
[Date "2007.09.20"]
[Round "7.8"]
[White "Lehmann, Marco"]
[Black "Martinovic, Sasa"]
[Result "0-1"]
[WhiteElo "2279"]
[BlackElo "2371"]
[PlyCount "68"]
[EventDate "2007.09.14"]
[EventType "swiss"]
[EventRounds "9"]
[EventCountry "CRO"]
[Source "lmi"]
[SourceDate "2007.09.14"]

1. e4 e6 2. d4 d5 3. Nc3 Bb4 4. e5 Ne7 5. a3 Bxc3+ 6. bxc3 c5 7. Qg4 Qc7 8.
Qxg7 Rg8 9. Qxh7 cxd4 10. Ne2 dxc3 11. Qd3 Nbc6 12. Bf4 Bd7 13. Qxc3 O-O-O 14.
Nd4 Nxd4 15. Qxd4 Nf5 16. Qd2 Bc6 17. Rb1 d4 18. Rg1 f6 19. exf6 e5 20. Bg5 e4
21. Bf4 e3 22. fxe3 dxe3 23. Qb4 Qd7 24. Bd3 Nd4 25. Bxe3 Rge8 26. Kf2 Qg4 27.
Qd2 Nf3 28. Qb4 Nd4 29. Qd2 Rd6 30. Bg5 Nf3 31. Qf4 Qxg5 32. Qf5+ Bd7 33. f7
Qe3+ 34. Kg3 Nxg1+ 0-1

[Event "17. Europa ch Juvenil - Masculino s16"]
[Site "Sibenik CRO"]
[Date "2007.09.20"]
[Round "7.9"]
[White "Piorun, Kacper"]
[Black "Huschenbeth, Niclas"]
[Result "1/2-1/2"]
[WhiteElo "2359"]
[BlackElo "2306"]
[PlyCount "110"]
[EventDate "2007.09.14"]
[EventType "swiss"]
[EventRounds "9"]
[EventCountry "CRO"]
[Source "lmi"]
[SourceDate "2007.09.14"]

1. e4 c5 2. Nf3 d6 3. d4 cxd4 4. Nxd4 Nf6 5. Nc3 Nc6 6. Bg5 Bd7 7. Qd2 Rc8 8.
Bxf6 gxf6 9. Nb3 h5 10. Bd3 Bh6 11. Qe2 h4 12. Nd5 Ne5 13. Ne3 Qb6 14. Nd5 Qd8
15. O-O e6 16. Ne3 Ng6 17. g3 hxg3 18. hxg3 Bxe3 19. Qxe3 e5 20. Rfd1 Ke7 21.
Kf1 Bg4 22. Rdc1 Rh3 23. Qxa7 Qh8 24. Ke1 Qh6 25. Bf1 Rh1 26. Nd2 Kf8 27. Qe3
Qh3 28. f3 Qxg3+ 29. Qf2 Qxf2+ 30. Kxf2 Rh2+ 31. Ke3 Be6 32. Bd3 d5 33. exd5
Nf4 34. c4 Bf5 35. Rh1 Rg2 36. Bf1 Rg8 37. Ne4 Ke7 38. d6+ Ke6 39. d7 Rc7 40.
Rd1 Rd8 41. Nc3 Rcxd7 42. Rxd7 Kxd7 43. Rh2 Kc6 44. b4 b6 45. Rb2 Bh3 46. Be2
Ne6 47. a4 f5 48. Ra2 f4+ 49. Kf2 Ra8 50. Bd3 Rg8 51. Be4+ Kc7 52. Rd2 Rg2+ 53.
Ke1 Rg1+ 54. Kf2 Rg2+ 55. Ke1 Rg1+ 1/2-1/2

[Event "17. Europa ch Juvenil - Masculino s16"]
[Site "Sibenik CRO"]
[Date "2007.09.20"]
[Round "7.10"]
[White "Golichenko, Ilija"]
[Black "Leniart, Arkadiusz"]
[Result "0-1"]
[WhiteElo "2306"]
[BlackElo "2357"]
[PlyCount "104"]
[EventDate "2007.09.14"]
[EventType "swiss"]
[EventRounds "9"]
[EventCountry "CRO"]
[Source "lmi"]
[SourceDate "2007.09.14"]

1. d4 Nf6 2. c4 e6 3. Nc3 Bb4 4. Qc2 d5 5. a3 Bxc3+ 6. Qxc3 Ne4 7. Qc2 Nc6 8.
Nf3 e5 9. e3 Bf5 10. Bd3 exd4 11. exd4 O-O 12. O-O Bg6 13. b4 Re8 14. Bb2 Bh5
15. Ne5 Nf6 16. Nxc6 bxc6 17. cxd5 cxd5 18. Rac1 Re7 19. Rfe1 Rxe1+ 20. Rxe1
Bg6 21. Bxg6 hxg6 22. Rc1 Rc8 23. Qc5 Ne4 24. Qxa7 Qf6 25. f3 Nd2 26. Re1 Nxf3+
27. gxf3 Qxf3 28. Qa6 Qg4+ 29. Kf2 Qh4+ 30. Kf1 Qh3+ 31. Ke2 Qxh2+ 32. Kd1 Qh5+
33. Kc1 Qg5+ 34. Kb1 Qf5+ 35. Ka2 Qd7 36. b5 Rb8 37. Qc6 Qxc6 38. bxc6 Rb6 39.
Rc1 g5 40. Rc3 f5 41. Bc1 f4 42. a4 Kf7 43. Ka3 Ke6 44. a5 Rb8 45. Ka4 Kf5 46.
Rb3 Rc8 47. Rh3 g4 48. Rh5+ g5 49. Rh1 g3 50. Bd2 Kg4 51. a6 f3 52. Be3 f2 0-1